000 00623nam a22002297a 4500
003 UA-OsUOA
001 91448
007 ta
008 20121128b un ||||| |||| 00| 0 ukr d
100 _aСмолич Ю.
090 _a821.161.2
_bС50
942 _cBK
040 _aUA-OsUOA
_bukr
_cUA-OsUOA
_dUA-OsUOA
245 _aТвори в шести томах
_b4
_cСвітанок над морем
300 _a745 с.
955 _a3
041 _aukr
080 _a821.161.2
260 _aК.
_bДніпро
_c1972
650 7 _a82 Література. Літературознавство
_2UDC
999 _c377706
_d377706